00634nam a2200241Ia 450000500170000000800460001702000180006303700100008104000080009104000080009904000080010704100080011504100080012308400080013110000640013924500580020324500310026126000230029226000090031536500050032436500100032985600530033920260324115050.0008 260324s9999 xx 000 0 eng d a9781003421658 aEBOOK aCRL beng cCRL 2eng aeng qCRL a0 The International Institute for Strategic Studies (IISS), 0aSurvival: Global Politics and Strategy June-July 2020 0bIn the Time of Coronavirus bTaylor and Francis c2020 a b95.99 uhttp://www.taylorfrancis.com/books/9781003421658